Online
Catalog

La radio : (Record no. 25059)

MARC details
000 -CABECERA
campo de control de longitud fija 00716nam a2200217 a 4500
001 - NÚMERO DE CONTROL
campo de control 000025567
005 - FECHA Y HORA DE LA ÚLTIMA TRANSACCIÓN
campo de control 20200930023901.0
008 - DATOS DE LONGITUD FIJA--INFORMACIÓN GENERAL
campo de control de longitud fija 110217s1966 sp abd r 001 0 spa d
040 ## - FUENTE DE LA CATALOGACIÓN
Centro catalogador/agencia de origen DO-SdBNP
Lengua de catalogación spa
Centro/agencia transcriptor BNPHU
082 ## - NÚMERO DE LA CLASIFICACIÓN DECIMAL DEWEY
Número de clasificación xxxx
Número de documento/Ítem B694r
049 ## - FONDOS LOCALES (OCLC)
Fondos de biblioteca BNGR
100 1# - ENTRADA PRINCIPAL--NOMBRE DE PERSONA
Nombre de persona Bolt, C. L.
9 (RLIN) 52248
245 13 - MENCIÓN DE TÍTULO
Título La radio :
Resto del título ¡Que sencilla! /
Mención de responsabilidad, etc. C. L. Bolt ; revisión Thomas Roddam ; traducción J. A. López del Río.
250 ## - MENCIÓN DE EDICIÓN
Mención de edición 5a ed.
260 ## - PUBLICACIÓN, DISTRIBUCIÓN, ETC.
Lugar de publicación, distribución, etc. Madrid, España :
Nombre del editor, distribuidor, etc. Paraninfo,
Fecha de publicación, distribución, etc. 1966.
300 ## - DESCRIPCIÓN FÍSICA
Extensión 222 p. :
Otras características físicas il., mapas., diagrs. ;
Dimensiones 22 cm.
500 ## - NOTA GENERAL
Nota general Incluye índice alfabético.
500 ## - NOTA GENERAL
Nota general Incluye glosario de términos.
700 1# - PUNTO DE ACCESO ADICIONAL--NOMBRE DE PERSONA
Nombre de persona Roddam, Thomas
9 (RLIN) 52249
700 1# - PUNTO DE ACCESO ADICIONAL--NOMBRE DE PERSONA
Nombre de persona López del Río, J. A.,
Término indicativo de función/relación tr.
9 (RLIN) 52250
Holdings
Estado de retiro Estado de pérdida Restricciones de uso No para préstamo Código de colección Localización permanente Ubicación/localización actual Ubicación en estantería Fecha de adquisición Número de inventario Total de préstamos Signatura topográfica completa Código de barras Fecha visto por última vez Precio válido a partir de Tipo de ítem Koha
        Monografías: Libros y Folletos General General En catalogación 17.02.2011 LF1   xxxx B694r 25567-10 25.06.2020 25.06.2020 Préstamo en sala

Powered by Koha